Okresní vedení NSDAP v Krnově 1938-1945
| Titel: | Okresní vedení NSDAP v Krnově 1938-1945 : struktura a představitelé / Branislav Dorko |
|---|---|
| Verfasser: | |
| Ausgabe: | První vydání |
| Veröffentlicht: | Opava : Zemský archiv v Opavě, 2021 |
| Umfang: | 167 Seiten : Illustrationen ; 22 cm |
| Format: | Buch |
| Sprache: | Tschechisch |
| ISBN: | 9788087632796 ; 8087632796 |
| Hinweise zum Inhalt: |
Inhaltsverzeichnis
Buch Bibliographie Cover Abstract |
alg: 51728002 001A $06000:18-04-24 001B $01999:04-12-25 $t22:13:48.000 001D $06000:05-09-24 001U $0utf8 001X $00 002@ $0Aax 002C $aText $btxt $2rdacontent 002D $aohne Hilfsmittel zu benutzen $bn $2rdamedia 002E $aBand $bnc $2rdacarrier 003@ $0517280027 003O $01467216774 $aOCoLC 004A $A978-80-87632-79-6 $fBroschur 004A $080-87632-79-6 006G $01321811918 006H $0TOCNEUA2416 $2DNB 006U $024,A36 $f20240227 007A $01321811918 $aDNB 007G $0DE020BFB0AEA72CF74AEBC1258BE8004E21E8 009P $qapplication/pdf $A2 $3Inhaltsverzeichnis $uhttp://scans.hebis.de/HEBCGI/show.pl?51728002_toc.pdf $mV:DE-603;B:DE-Mb50 009P $qapplication/pdf $A2 $3Buch Bibliographie $uhttp://scans.hebis.de/HEBCGI/show.pl?51728002_bib.pdf $mV:DE-603;B:DE-Mb50 009P $qapplication/pdf $A2 $3Cover $uhttp://scans.hebis.de/HEBCGI/show.pl?51728002_cov.pdf $mV:DE-603;B:DE-Mb50 009P $qapplication/pdf $A2 $3Abstract $uhttp://scans.hebis.de/HEBCGI/show.pl?51728002_sum.pdf $mV:DE-603;B:DE-Mb50 010@ $acze 010E $erda 011@ $a2021 $n2021 021A $aOkresní vedení NSDAP v Krnově 1938-1945 $dstruktura a představitelé $hBranislav Dorko 028A $BVerfasser $4aut $71046948245 $8Dorko, Branislav$Z1971- [Tp3] $9335902790 032@ $aPrvní vydání 033A $pOpava $nZemský archiv v Opavě 034D $a167 Seiten 034I $a22 cm 034M $aIllustrationen 044K $#Gau Sudetenland $#Sudetengau $#Reichsgau Sudetenland $#Ziemia Sudecka $#Sudetské území $74058390-9 $8Sudetenland [Tg1] $9085161977 044K $qDNB $RJägerndorf $#Jägerndorf $72166196-0 $8Krnov [Tg1] $9054086485 044K $RDeutsche Arbeiterpartei $RNationalsozialistischer Deutscher Arbeiterverein $#NSDAP $#NSDAP $#National Socialist Party $#Nationalsozialistische Deutsche Arbeiterpartei, Reichsorganisationsleiter $#Nationalsozialistische Deutsche Arbeiterpartei, Reichsausschuss $#Nationalsozialistische Deutsche Arbeiterpartei, Reichsschatzmeister $#Nationalsozialistische Deutsche Arbeiterpartei, Reichspropagandaleitung $#Nationalsozialistische Deutsche Arbeiterpartei, Parteikanzlei $#Nationalsozialistische Deutsche Arbeiterpartei, Oberste Leitung der Parteiorganisation $#Nationalsozialistische Deutsche Arbeiterpartei, Oberste Leitung der PO $#N.S.D.A.P. $71012979-0 $8Nationalsozialistische Deutsche Arbeiterpartei [Tb1] $9041937937 044K $74371074-8 $8Bezirksamt [Ts1] $9088341046 044K $RFaschismus $RDrittes Reich $#National socialism $#National-socialisme $#Nazionalsocialismo $#Nacionalsocialismo $#National Socialism $#Faschismus $#Nationalsozialismus $#NS $74041316-0 $8Nationalsozialismus [Tsz] $908511314X 044K $qDNB $RNationalsozialismus $RNationalsozialistin $#Nazis $#Nationaux-socialistes $#Nazisti $#Nazis $#Nationalsozialisten $#Nazi $74126114-8 $8Nationalsozialist [Ts1] $9085427942 045E $c320 $c940 $c943 045F $a324.2430238 $eDDC23ger 045F/01 $a324.2430238 045G $a320.5330943728 $eDDC23ger 045G/01 $a320.533 045G/03 $g43728 045H $a943.728033 $eDDC23ger 045H/01 $a943.7033 045H/03 $g43728 045R $aGeschichte 1938-1945 lok: 51728002 24 exp: 51728002 24 1 #EPN 201B/01 $007-11-24 $t14:49:30.000 201C/01 $007-11-24 201U/01 $0utf8 203@/01 $01281979805 208@/01 $a07-11-24 $bz 209A/01 $a24.06870 $du $f050 $h24 06870 $x00 209C/01 $a24.06870 T $h24 06870 T 209G/01 $a74791344 $x00 220C/01 $akon 247C/01 $8358050-7Marburg, Bibliothek des Herder-Instituts Marburg $9102600961
| LEADER | 00000cam a22000002c 4500 | ||
|---|---|---|---|
| 001 | 517280027 | ||
| 003 | DE-603 | ||
| 005 | 20251204221348.0 | ||
| 007 | tu | ||
| 008 | 240418s2021 xx |||| | u00||u|cze | ||
| 015 | |a 24,A36 |2 dnb | ||
| 016 | 7 | |2 DE-101 |a 1321811918 | |
| 020 | |a 9788087632796 |c Broschur | ||
| 020 | |a 8087632796 | ||
| 035 | |a (DE-599)DNB1321811918 | ||
| 035 | |a (OCoLC)1467216774 | ||
| 040 | |a DE-603 |b ger |c DE-603 |d DE-603 |e rda | ||
| 041 | |a cze | ||
| 082 | 0 | 4 | |8 1\u |a 324.2430238 |q DE-101 |2 23/ger |
| 083 | 0 | |8 2\u |a 320.5330943728 |q DE-101 |2 23/ger | |
| 083 | 0 | |8 3\u |a 943.728033 |q DE-101 |2 23/ger | |
| 084 | |a 320 |a 940 |a 943 |q DE-101 |2 sdnb | ||
| 085 | |8 1\u |b 324.2430238 | ||
| 085 | |8 2\u |b 320.533 | ||
| 085 | |8 2\u |z 2 |s 43728 | ||
| 085 | |8 3\u |b 943.7033 | ||
| 085 | |8 3\u |z 2 |s 43728 | ||
| 100 | 1 | |a Dorko, Branislav |d 1971- |e Verfasser |4 aut |0 (DE-603)335902790 |0 (DE-588)1046948245 |2 gnd | |
| 245 | 0 | 0 | |a Okresní vedení NSDAP v Krnově 1938-1945 |b struktura a představitelé |c Branislav Dorko |
| 250 | |a První vydání | ||
| 264 | 1 | |a Opava |b Zemský archiv v Opavě |c 2021 | |
| 300 | |a 167 Seiten |b Illustrationen |c 22 cm | ||
| 336 | |a Text |b txt |2 rdacontent | ||
| 337 | |a ohne Hilfsmittel zu benutzen |b n |2 rdamedia | ||
| 338 | |a Band |b nc |2 rdacarrier | ||
| 610 | 1 | 7 | |a Nationalsozialistische Deutsche Arbeiterpartei |2 gnd |0 (DE-588)1012979-0 |0 (DE-603)041937937 |
| 648 | 7 | |a Geschichte 1938-1945 |2 gnd | |
| 650 | 7 | |a Bezirksamt |0 (DE-588)4371074-8 |0 (DE-603)088341046 |2 gnd | |
| 650 | 7 | |a Nationalsozialismus |0 (DE-588)4041316-0 |0 (DE-603)08511314X |2 gnd | |
| 650 | 7 | |a Nationalsozialist |0 (DE-588)4126114-8 |0 (DE-603)085427942 |2 gnd | |
| 651 | 7 | |a Sudetenland |0 (DE-588)4058390-9 |0 (DE-603)085161977 |2 gnd | |
| 651 | 7 | |a Krnov |0 (DE-588)2166196-0 |0 (DE-603)054086485 |2 gnd | |
| 856 | 4 | 2 | |m V:DE-603;B:DE-Mb50 |q application/pdf |u http://scans.hebis.de/HEBCGI/show.pl?51728002_toc.pdf |3 Inhaltsverzeichnis |
| 856 | 4 | 2 | |m V:DE-603;B:DE-Mb50 |q application/pdf |u http://scans.hebis.de/HEBCGI/show.pl?51728002_bib.pdf |3 Buch Bibliographie |
| 856 | 4 | 2 | |m V:DE-603;B:DE-Mb50 |q application/pdf |u http://scans.hebis.de/HEBCGI/show.pl?51728002_cov.pdf |3 Cover |
| 856 | 4 | 2 | |m V:DE-603;B:DE-Mb50 |q application/pdf |u http://scans.hebis.de/HEBCGI/show.pl?51728002_sum.pdf |3 Abstract |
| 924 | 0 | |9 Mb 50 |a (DE-603)1281979805 |b DE-Mb50 |c HES |d c |g 24.06870 | |


